000 00457nam a2200169 a 4500
001 0000-9040
003 ELIB.Books
008 110520 1980
035 _a(ELIB.Books)0000-9189
082 _a225.7
_bMar
100 _aMarshall, I. Howard
245 _aTyndale (The Acts of the Apostles)
260 _bGrand Rapids: Wm. B. Eerdmans Publishing Co.
_c1980
650 _aCommentaries
942 _2ddc
_cBK
998 _cbat
_e2011-05-20
999 _c9040
_d9040